000 00788cam a2200289 i 4500
001 838489
003 ARRUPE
005 20160309122714.0
008 900605c19741964fr a 000 1 fre
010 _a 74188288 //r86
015 _aF***
035 _a(OCoLC)832287
035 _a(OCoLC)ocm00832287
035 _a(CStRLIN)NYCG90-B34885
035 _a(NNC)838489
040 _cDCL
050 0 _aPQ2603.R35
_bN3
100 1 _aBreton, André,
_d1896-1966.
_922846
245 1 0 _aNadja /
_cAndré Breton.
250 _aÉd. entièrement revue par l'auteur.
260 _a[Paris] :
_bGallimard,
_c c1964.
300 _a189 p.;
_bill. ;
_c18 cm.
490 1 _aCollection Folio ;
_v73
830 0 _aCollection Folio ;
_v73.
_922847
942 _2lcc
_cMONOGRAPH
999 _c124346
_d124346